000 01002nam a2200277 a 4500
001 BRL_1823
005 20190320211402.0
008 060815s1977----mx-a######---#000-0#spa-#
041 _aspa
044 _amx
050 4 _aF1221.M7
_b.F53 1977
100 1 _aFlanet, Véronique
_927975
245 1 0 _aVivire, si Dios quiere
_bun estudio de la violencia en la Mixteca de la Costa
_cVéronique Flanet ; fotos Véronique Flanet y Monique Vileyn ; traducción del frances Tunuña Mercado.
260 _aMéxico
_bInstituto Nacional Indigenista
_c1977
300 _a238 p.
_bil.
_c22 cm.
440 0 _aColección INI
_pSerie de Antropología Social
_vno. 55
_927976
500 _aAu2044
504 _aBibliografía: p. 229-236
650 1 4 _aMixtecas
_923911
650 1 4 _aViolencia
_zJamiltepec (México)
_927977
651 4 _aJamiltepec (México)
_xVida social y costumbres
_927978
700 1 _aVileyn, Monique
_eil.
_927979
700 1 _aMercado, Tunuña
_etr.
_927980
902 _aGRL
942 _2lcc
_cB
999 _c10631
_d10631